000 00316nam a22001337a 4500
008 171003b xxu||||| |||| 00| 0 eng d
020 _a0130414271
041 _aeng
080 _23RD
_a159.9
100 _a48
101 _aPSI
245 _aAPPLIED PSYCHOLOGY IN PERSONNEL MANAGEMENT
_cCASCIO,W.F
942 _2udc
_cBK
999 _c31280
_d31280